| 000 | 006000000a22001810004500 | ||
|---|---|---|---|
| 090 |
_aAR _b00389 |
||
| 245 | 1 | 0 | _aImplications of the presence of manatees (<Trichechus manatus>) near the dry tortugas Islands |
| 650 | 1 | 4 |
_aMamíferos acuáticos _993274 |
| 650 | 1 | 4 |
_aMigraciones _916308 |
| 650 | 1 | 4 |
_aBiología de la especie _993163 |
| 651 | 4 |
_lIslas tortuga _992749 |
|
| 653 |
_gTrichechus _eTrichechus manatus _vmanati |
||
| 041 | 0 | _aInglés | |
| 700 | 1 |
_aFerguson, John C. _993319 |
|
| 100 | 1 |
_aReynolds, John E. _993280 |
|
| 942 | _cARTICULO | ||
| 773 | 1 |
_tFlorida Scientist _3160 _h3 _q187-188 _d1984 _g47 |
|
| 999 |
_c9486 _d9486 |
||